000 00222 a2200097 4500
001 49424
100 _aHamsun
245 _aGrouth of Soul
260 _aNew York
_bRandom Hosue Publishers Company
_c
090 _c31960
_d31960
942 _aNUST-CAE
_cM
_c24403
999 _c284497
_d284497